<?xml version="1.0" encoding="UTF-8"?>
<record
    xmlns:xsi="http://www.w3.org/2001/XMLSchema-instance"
    xsi:schemaLocation="http://www.loc.gov/MARC21/slim http://www.loc.gov/standards/marcxml/schema/MARC21slim.xsd"
    xmlns="http://www.loc.gov/MARC21/slim">

  <leader>01200nam0a2200313   4500</leader>
  <controlfield tag="001">RU\NLR\BIBL_A\011690284</controlfield>
  <controlfield tag="005">20180510142328.0</controlfield>
  <datafield tag="010" ind1=" " ind2=" ">
    <subfield code="a">978-5-6040630-2-6</subfield>
    <subfield code="9">100</subfield>
  </datafield>
  <datafield tag="021" ind1=" " ind2=" ">
    <subfield code="a">RU</subfield>
    <subfield code="b">&#x41A;&#x41D;-&#x41F;-18-022494</subfield>
    <subfield code="9">&#x41A;&#x41D;-&#x41F;-18-1636</subfield>
  </datafield>
  <datafield tag="035" ind1=" " ind2=" ">
    <subfield code="a">(NLR Aleph) 011690284</subfield>
  </datafield>
  <datafield tag="035" ind1=" " ind2=" ">
    <subfield code="a">(RuMoRGB)009583357</subfield>
  </datafield>
  <datafield tag="090" ind1=" " ind2=" ">
    <subfield code="a">11333998</subfield>
    <subfield code="c">11333998</subfield>
  </datafield>
  <datafield tag="100" ind1=" " ind2=" ">
    <subfield code="a">20180427d2018    e  y0rusy50      ca</subfield>
  </datafield>
  <datafield tag="101" ind1="0" ind2=" ">
    <subfield code="a">rus</subfield>
  </datafield>
  <datafield tag="102" ind1=" " ind2=" ">
    <subfield code="a">RU</subfield>
  </datafield>
  <datafield tag="105" ind1=" " ind2=" ">
    <subfield code="a">ac||z|||000gy</subfield>
  </datafield>
  <datafield tag="200" ind1="1" ind2=" ">
    <subfield code="a">&#x41B;&#x44E;&#x431;&#x43E;&#x432;&#x44C; &#x43F;&#x43E;&#x44D;&#x442;&#x430;</subfield>
    <subfield code="e">&#x441;&#x431;&#x43E;&#x440;&#x43D;&#x438;&#x43A; &#x441;&#x442;&#x438;&#x445;&#x43E;&#x432; &#x421;&#x432;&#x435;&#x442;&#x43B;&#x430;&#x43D;&#x44B; &#x411;&#x43E;&#x434;&#x440;&#x44F;&#x433;&#x438;&#x43D;&#x43E;&#x439;</subfield>
  </datafield>
  <datafield tag="210" ind1=" " ind2=" ">
    <subfield code="a">&#x41C;&#x43E;&#x441;&#x43A;&#x432;&#x430;</subfield>
    <subfield code="c">[&#x431;. &#x438;.]</subfield>
    <subfield code="a">&#x421;&#x430;&#x440;&#x430;&#x442;&#x43E;&#x432;</subfield>
    <subfield code="c">&#x414;&#x435;&#x441;&#x44F;&#x442;&#x430;&#x44F; &#x43C;&#x443;&#x437;&#x430;</subfield>
    <subfield code="d">2018</subfield>
  </datafield>
  <datafield tag="215" ind1=" " ind2=" ">
    <subfield code="a">91 &#x441;.</subfield>
    <subfield code="c">&#x438;&#x43B;., &#x43F;&#x43E;&#x440;&#x442;&#x440;.</subfield>
    <subfield code="d">21</subfield>
  </datafield>
  <datafield tag="327" ind1="1" ind2=" ">
    <subfield code="a">&#x421;&#x43E;&#x434;&#x435;&#x440;&#x436;.: &#x426;&#x438;&#x43A;&#x43B;&#x44B;: &#x420;&#x418;&#x424;&#x41C;&#x41E;&#x413;&#x420;&#x410;&#x414; - &#x43C;&#x43E;&#x439; &#x432;&#x434;&#x43E;&#x445;&#x43D;&#x43E;&#x432;&#x438;&#x442;&#x435;&#x43B;&#x44C;!; &#x421;&#x442;&#x438;&#x445;&#x438; &#x431;&#x440;&#x43E;&#x43D;&#x437;&#x43E;&#x432;&#x43E;&#x433;&#x43E; &#x432;&#x435;&#x43A;&#x430; &#x43F;&#x43E;&#x44D;&#x437;&#x438;&#x438; &#x420;&#x418;&#x424;&#x41C;&#x41E;&#x413;&#x420;&#x410;&#x414;&#x430;; &#x41B;&#x44E;&#x431;&#x43E;&#x432;&#x43D;&#x430;&#x44F; &#x43B;&#x438;&#x440;&#x438;&#x43A;&#x430;</subfield>
  </datafield>
  <datafield tag="333" ind1=" " ind2=" ">
    <subfield code="a">14+</subfield>
  </datafield>
  <datafield tag="686" ind1="2" ind2=" ">
    <subfield code="a">&#x428;6(2=&#x420;)8-5</subfield>
  </datafield>
  <datafield tag="700" ind1=" " ind2="1">
    <subfield code="a">&#x411;&#x43E;&#x434;&#x440;&#x44F;&#x433;&#x438;&#x43D;&#x430;</subfield>
    <subfield code="b">&#x421;. &#x421;.</subfield>
    <subfield code="f">1996-</subfield>
    <subfield code="g">&#x421;&#x432;&#x435;&#x442;&#x43B;&#x430;&#x43D;&#x430; &#x421;&#x435;&#x440;&#x433;&#x435;&#x435;&#x432;&#x43D;&#x430;</subfield>
  </datafield>
  <datafield tag="942" ind1=" " ind2=" ">
    <subfield code="c">BOOK</subfield>
  </datafield>
  <datafield tag="980" ind1=" " ind2=" ">
    <subfield code="a">NBR</subfield>
  </datafield>
  <datafield tag="980" ind1=" " ind2=" ">
    <subfield code="a">NB</subfield>
  </datafield>
</record>
